000 00858nas a2200277 4500
001 BR0201868
003 BR-BrBNA
005 20231205102852.0
007 ta
008 230509b bl.|||p| |||| 00| 00por d
040 _aBR-BrBNA
_bpor
_cBiblioteca Nacional de Agricultura
041 _a(Pt)
072 _ak10
100 1 _aOliveira, A.N. de
100 1 _aQueiroz, M.S. de M.
100 1 _aRamos, M.B.P.
245 1 _aEstudo morfológico de frutos e sementes de tefrósia (Tephrosia candida DC. - Papilionoideae)na Amazônia Central
650 _aPAPILIONOIDEAE
650 _aSEMENTE
650 _aFRUTO
650 _aMORFOLOGIA VEGETAL
650 _aAMAZÔNIA
773 0 _tRevista Brasileira de Sementes (Brazil)
_xISSN 0101-3122
_g(2000), v. 22(2) p. 193-199
_wBR0201868
909 _a202311
_bLúcia
_c55
_dLúcia Elande
942 _2AGRIS
_n0
_cANA
999 _c169795
_d169795